Scritti critici / (Record no. 48554)
[ view plain ]
| 000 -LEADER | |
|---|---|
| campo de control de longitud fija | 00715nam a22002295i 4500 |
| 001 - NÚMERO DE CONTROL | |
| campo de control | 48554 |
| 003 - IDENTIFICADOR DE NÚMERO DE CONTROL | |
| campo de control | ES-MaACL |
| 005 - FECHA Y HORA DE LA ÚLTIMA TRANSACCIÓN | |
| campo de control | 20230906161755.0 |
| 007 - CAMPO FIJO DE DESCRIPCIÓN FÍSICA--INFORMACIÓN GENERAL | |
| campo de control de longitud fija | t| |
| 008 - DATOS DE LONGITUD FIJA--INFORMACIÓN GENERAL | |
| campo de control de longitud fija | 950724s1895 it ||||1| ita d |
| 040 ## - FUENTE DE CATALOGACIÓN | |
| Centro catalogador/agencia de origen | CAM |
| Lengua de catalogación | spa |
| Centro/agencia transcriptor | CAM |
| 100 1# - ENTRADA PRINCIPAL--NOMBRE DE PERSONA | |
| Nombre de persona | De Sanctis, Francesco. |
| 9 (RLIN) | 43078 |
| 245 10 - MENCIÓN DEL TÍTULO | |
| Título | Scritti critici / |
| Mención de responsabilidad, etc. | di Francesco De Sanctis; con prefazione e postille di Vittorio Imbriani. |
| 250 ## - MENCION DE EDICION | |
| Mención de edición | 5ª ed. |
| 260 ## - PUBLICACIÓN, DISTRIBUCIÓN, ETC. | |
| Lugar de publicación, distribución, etc. | Napoli : |
| Nombre del editor, distribuidor, etc. | Cav. Antonio Morano, |
| Fecha de publicación, distribución, etc. | 1895. |
| 300 ## - DESCRIPCIÓN FÍSICA | |
| Extensión | [6], 121 p. ; |
| Dimensiones | 19 cm. |
| 490 1# - MENCIÓN DE SERIE | |
| Mención de serie | Opere di Francesco De Sanctis ; |
| Designación de volumen o secuencia | 9 |
| 700 1# - ENTRADA AGREGADA--NOMBRE PERSONAL | |
| Nombre de persona | Imbriani, Vittorio. |
| 9 (RLIN) | 65216 |
| 830 0# - PUNTO DE ACCESO ADICIONAL DE SERIE-TÍTULO UNIFORME | |
| Título uniforme | Opere di Francesco De Sanctis ; |
| Designación de volumen o secuencia | 9 |
| 9 (RLIN) | 182243 |
| 852 ## - LOCALIZACIÓN | |
| Ubicación | ES-MaACL |
| Número de control de estantería | T-1232-F-8 |
| Estatus retirado | Estado de pérdida | Estado de daño | No para préstamo | Colección | Biblioteca de origen | Biblioteca actual | Ubicación en estantería | Fecha de adquisición | Fuente de adquisición | Total de préstamos | Signatura topográfica completa | Código de barras | Visto por última vez | Precio de reemplazo | Tipo de ítem Koha |
|---|---|---|---|---|---|---|---|---|---|---|---|---|---|---|---|
| Colección de folletos | Biblioteca del Ateneo de Madrid | Biblioteca del Ateneo de Madrid | Depósito folletos | 17/01/2008 | T-1232-F-8 | 1051098 | 23/02/2023 | 23/02/2023 | Folleto |
